Fußballer anhand von ihren Mitspielern erkennen #1 - Statistiken

Allgemein
  • Dieses Quiz wurde 336 mal gespielt
  • Das Durchschnittsergebnis liegt bei 5 aus 10
Antwortstatistiken
Mitspieler Mitspieler Mitspieler Mitspieler Mitspieler Spieler % Korrekt
Kroos Dybala Rooney Renato Sanches Bale Ronaldo
79%
Mbappe Ibrahimovic Julian Alvarez Ronaldinho Xavi Messi
73%
Werner Odegaard Kroos Brandt Rüdiger Havertz
65%
Goretzka Naldo Gnabry Füllkrug Aguero Sane
53%
Akanji Yann Sommer Wirtz Ter Stegen Martinelli Xhaka
51%
Neymar Messi Dante Kimmich Oscar Wendt Ter Stegen
48%
Pogba Werner Giroud Havertz Mbappe Kante
35%
Kroos Kane Peter Crouch Casemiro Walker Modric
24%
Thomas Müller Raul Kewell Iniesta Gerrard Xabi Alonso
22%
Handanovic Kovacic Lahm Thomas Müller Özil Podolski
20%
Keine übereinstimmenden Quizze gefunden
Verteilung der Resultate
Anzahl Personen mit jedem Resultat
Perzentil nach korrekt beantworteten Fragen
Ihre Resultats-Entwicklung
Sie haben dieses Quiz noch nicht gespielt